[Event "FRA-chT4 0102"]
[Site "Champagne Ardenne"]
[Date "2002.03.10"]
[Round "6"]
[White "Ait Ammar, Salim"]
[Black "Da Costa, Manuel"]
[Result "0-1"]
[WhiteElo "1720"]
[BlackElo "1750"]
[PlyCount "52"]
[EventDate "2002.10.??"]
[EventType "team-tourn"]
[EventRounds "7"]
[EventCountry "FRA"]
[SourceTitle "EXT 2005"]
[Source "ChessBase"]
[SourceDate "2004.11.15"]
[SourceVersion "1"]
[SourceVersionDate "2004.11.15"]
[SourceQuality "1"]

1. e4 d6 2. d4 Nf6 3. Nc3 g6 4. Be3 Bg7 5. Bd3 Nc6 6. Nge2 0-0 7. Qd2 Ng4 8. 0-0-0 Nxe3 9. Qxe3 e5 10. dxe5 Nxe5 11. f3 Nxd3+ 12. Qxd3 a6 13. g4 b5 14. h4 b4 15. Nd5 a5 16. h5 c6 17. Ne3 Ba6 18. Qd2 Qf6 19. c3 bxc3 20. Nxc3 Qxf3 21. hxg6 fxg6 22. Nc2 Rad8 23. Nd4 Qf6 24. Nxc6 Rc8 25. Qd5+ Kh8 26. Qxd6 Rxc6 0-1